000 00829nam a2200229Ia 4500
999 _c5578
_d5578
003 OSt
005 20200312083345.0
008 191128q200? ck gr 000 0 spa d
020 _a9589747213
040 _aCO-JMCR
_cCO-JMCR
041 0 _aspa
082 0 4 _a070.986 /
_bA662d
100 1 _aArango Londoño, Gilberto,
_eautor
_91441
245 0 _aDesde mi angulo :
_b1993-1998 /
_cGilberto Arango Londoño
260 _aBogotá :
_bColegio de Estudios Superiores de Administración - Cesa : Múnera Editores,
_c2004
300 _av, 562 páginas ;
_c24 cm
500 _aIncluye datos biográficos del autor en la solapa posterior.
546 0 _aspa
650 1 4 _aEconomía colombiana
_xArtículos de prensa Crónicas
_zColombia
_91453
651 2 4 _2Economía colombiana
_xColombia Reportajes
_zColombia
_91454
942 _2ddc
_cBK